Láska manželská

Bibliographic Details
Main Author: Moravia, Alberto, 1907-1990 (Author)
Other Authors: Laštovka, Karel (Illustrator, Bookjacket designer), Hatmanová, Alena (Translator)
Format: Book
Language:Czech
Italian
PhysicalDescription:194 strán ilustrácie 21 cm
Published: Praha Svobodné slovo 1967
ISBN:(viazané)
Edition:1. vydání
Subjects:

MARC

LEADER 00000cam a2200000 4500
001 vtls001379354
003 SK-MaSNL
005 20260301161337.0
008 240313s1967 xr a r 0000m cze
020 |a (viazané) 
035 |a SNK000333328 
040 |a SNK  |b slo  |c SNK  |e rda 
041 1 |a cze  |h ita 
044 |a xr  |c CZ 
072 7 |a 821.131.1  |x Talianska literatúra  |2 konspekt 
080 |a 821.131.1  |2 2011 
080 |a 821-31  |2 2011 
080 |a (0:82-32)  |2 2011 
100 1 |a Moravia, Alberto,  |d 1907-1990  |4 aut  |9 86127 
240 1 0 |a L'amore coniugale  |l cze 
245 1 0 |a Láska manželská  |c Alberto Moravia ; z italského originálu L'amore coniugale ... přeložila Alena Hartmanová 
250 |a 1. vydání 
264 1 |a Praha  |b Svobodné slovo  |c 1967 
300 |a 194 strán  |b ilustrácie  |c 21 cm 
336 |a text  |b txt  |2 rdacontent 
337 |a bez média  |b n  |2 rdamedia 
338 |a zväzok  |b nc  |2 rdacarrier 
650 0 7 |a talianska literatúra  |2 SNKPH  |9 1215 
650 0 7 |a Italian literature  |2 SNKPHeng  |9 307832 
655 7 |a romány  |2 SNKPH  |9 1390 
655 7 |a Novels  |2 SNKPHeng  |9 352941 
655 7 |a poviedky  |2 SNKPH  |9 70519 
655 7 |a Short stories  |2 SNKPHeng  |9 295230 
700 1 |a Laštovka, Karel  |4 ill  |4 bjd  |9 524218 
700 1 |a Houba, Karel  |4 red  |9 524219 
700 1 |a Hatmanová, Alena  |4 trl  |9 524220 
958 |a OND 
999 |c 809063  |d 810993 
952 |t P60, <05>, [BOOK], {605}  |a SNK  |b SNK  |y PREZ  |7 0  |p 17A0221422  |o snkID 44829  |0 0  |1 0  |4 0  |d 1999-12-15  |l 0  |r 2005-01-02 00:00:00  |w 2026-02-24